000 00365nam a22001337a 4500
008 230627b ||||| |||| 00| 0 eng d
020 _a9781474604246
082 _a303.482
100 _aKHANNA, Parag
245 _aConnectography : Mapping the global network revolution
260 _aGreat Britain
_bWeidenfeld & Nicolson
_c2016
300 _a466p
942 _2ddc
_cBK
999 _c3128
_d3128